| 000 | 00450nam a2200169Ia 4500 | ||
|---|---|---|---|
| 008 | 230718s9999 xx 000 0 und d | ||
| 041 | _aeng | ||
| 082 |
_a301.072 _bKUM |
||
| 100 | _aKumar R. | ||
| 245 |
_aResearch Methodology _bA Step-By Step Guide For Beginners |
||
| 250 | _a2nd ed. | ||
| 260 | _bPearson Education | ||
| 300 | _a332 | ||
| 365 |
_cRs. _b375.00 |
||
| 700 | _aKumar R. | ||
| 906 |
_dO:0290630-Jun-2012B:53226-Jun-2012 _cINST _b300 |
||
| 999 |
_c330900 _d330900 |
||